Регионална библиотека "Любен Каравелов" - Русе

Момчето, което завърза Луната за Земята : разкази (Запис номер 523872)

MARC детайли
000 -Лидер
Лидер 01030nam a2200301 a 4500
003 - Код на организацията, давaща контролен номер
Код на организацията, даваща контролен номер BLK
005 - Дата и час на последна редакция
Дата и час на последна редакция 20250127124539.0
007 - Фиксирано поле за физическо описани
Физическо описание ta
008 - Елементи от данни с фиксирана дължина
Елементи с фиксирана дължина 221104b bu |||||r|||| 00| | bu d
020 ## - Международен стандартен номер на книга ISBN
ISBN 9786191868827
040 ## - Източник на каталожния запис
Код на библиотеката BLK
041 ## - Код за език
Език Български
Език за КДБФ Български
080 ## - УДК
9 (RLIN) 227592
УДК текст Българска литература
УДК код 821.163.2
УДК – код + определител 821.163.2-32
084 ## - Класификационен индекс по друга класификация
Авторски знак Кас - К 45
100 ## - Редна дума - Автор
R(LIN) 496482
Автор Касабов, Мартин Христов
245 ## - Сведения за заглавието
Заглавие Момчето, което завърза Луната за Земята : разкази
Авторска отговорност Мартин Касабов ; худож. София Попйорданова
260 ## - Област на издателските данни
9 (RLIN) 209682
Място на издаване Пловдив
Име на издателя Жанет 45
Година на издаване 2024
300 ## - Физическа характеристика
Брой страници 200 с.
Размер 20 см
380 ## - Жанр
Жанр Худож. лит.
700 ## - Други автори (авторска отговорност)
9 (RLIN) 433438
Друг автор Попйорданова, София Любомирова
852 ## - Местоположение
Сигнатура (форматна) Цб 325693
Отдел Хранилище
856 ## - Електронен адрес и достъп
Инструкция (цена за достъп) 0.00
Права за достъп disable
942 ## - АРТИКУЛИ
Вид на библиотечния документ Книги
Скрит в OPAC Не
Koha issues (borrowed), all copies 1
944 ## - СЪЗДАВАНЕ И РЕДАКЦИЯ на ЗАПИСА
Дата на регистрацията/редакция Нора Радева
Служител, извършил регистрацията/редакцията 30576
Номер на служител Цветомила Тодорова
999 ## - СИСТЕМНИ КОНТРОЛНИ НОМЕРА
Koha biblionumber 523872
Koha biblioitemnumber 523872
999 ## - СИСТЕМНИ КОНТРОЛНИ НОМЕРА
Koha biblioitemnumber 523872
999 ## - СИСТЕМНИ КОНТРОЛНИ НОМЕРА
Koha biblioitemnumber 523871
999 ## - СИСТЕМНИ КОНТРОЛНИ НОМЕРА
Koha biblioitemnumber 523869
Наличности
Код за отписване Код за изгубен артикул Източник на класификационната схема Код за повреда Коз за рестрикции Код за отдаване Артикулен № Име на библиотеката - собственик Име на библиотеката, в която се намира в момента Статус (Текущо местоположение) Дата на вписване в системата Местоположение - отдел Цена в лева Инвентарен номер Систематично азбучна сигнатура Баркод Цена в евро Служебен тип на артикула
  Не е изгубен Universal Decimal Classification Не е повреден само за читалня ползва се в читалня 957000 Регионална библиотека "Любен Каравелов" Русе Регионална библиотека "Любен Каравелов" Русе Хранилище 2025-01-03 Хранилище 18.00 120000915868 Цб 325693 120000915868 9.20 Книги
  Не е изгубен Universal Decimal Classification Не е повреден   заемане за дома 958418 Регионална библиотека "Любен Каравелов" Русе Регионална библиотека "Любен Каравелов" Русе Заемна - подръчен фонд 2025-01-16 Заемна - подръчен фонд 12.60 120000916983 821.163.2-32/К 45 М 120000916983 6.44 Книги
Vip Innovations Ltd, Rousse, Bulgaria 2025